| 000 | 00537cam a2200181 4500500 | ||
|---|---|---|---|
| 005 | 20260329005809.0 | ||
| 041 | _afre | ||
| 042 | _adc | ||
| 100 | 1 | 0 |
_aMoreau, Anne-Sophie _eauthor |
| 245 | 0 | 0 | _aInfertilité : lever le tabou |
| 260 | _c2025. | ||
| 500 | _a90 | ||
| 690 | _aEnfant | ||
| 690 | _aFécondité | ||
| 690 | _aSperme | ||
| 786 | 0 | _nPhilosophie magazine | 188 | 4 | 2025-04-01 | p. 13-15 | 1951-1787 | |
| 856 | 4 | 1 | _uhttps://shs.cairn.info/magazine-philosophie-magazine-2025-4-page-13?lang=fr&redirect-ssocas=7080 |
| 999 |
_c1846726 _d1846726 |
||